| 000 | 01377nam0a22003011 4500 | ||
|---|---|---|---|
| 001 | rc\3266330 | ||
| 005 | 20260406185613.0 | ||
| 021 |
_aRU _b69-78307 |
||
| 021 |
_aRU _bРг9114-69 |
||
| 035 | _a(NLR Aleph) 007389719 | ||
| 090 |
_a6597513 _c6597513 |
||
| 100 | _a20130115d1969 |||y0rusy50 ca | ||
| 101 | 0 | _arus | |
| 102 | _aRU | ||
| 105 | _ay j ||||| | ||
| 200 | 1 |
_aМеждународное совещание коммунистических и рабочих партий. (Москва, июнь 1969 г.) _eМатериал к лекции _fХарьк. высш. воен. авиац. училище летчиков им. дважды Героя Советского Союза С.И. Грицевец. Кафедра марксизма-ленинизма |
|
| 210 |
_aХарьков _cБ. и. _d1969 |
||
| 215 |
_a45 л. _d29 |
||
| 300 | _aВ вып. дан. подготовил: препод. И.А. Усыскин | ||
| 309 | _aОтпеч. множит. аппаратом | ||
| 320 | _aБиблиогр.: л. 44-45 | ||
| 700 | 1 |
_aУсыскин _bИ.А. |
|
| 712 | 0 | 2 |
_aХарьковское высшее военное авиационное училище летчиков им. С. И. Грицевец _3RU\NLR\AUTH\889951271 _9398522 |
| 801 | 0 |
_aRU _bNLR _gpsbo |
|
| 801 | 1 |
_aRU _bELAR _2rusmarc |
|
| 852 |
_aNLR _j69-8/1563 |
||
| 942 | _cBOOK | ||
| 980 | _aNB | ||